| 000 | 00560 a2200181 4500 | ||
|---|---|---|---|
| 001 | ART_7691 | ||
| 005 | 20260410161720.0 | ||
| 008 | 260409a | ||
| 245 | 1 | 0 | _aAdvenimiento de la informática en los sistemas contables. Una realidad innegable |
| 100 | 1 | _aMileti, Mabel | |
| 700 | 1 | _aAquel, Sandra | |
| 700 | 1 | _aBerri, Ana María | |
| 700 | 1 | _aDíaz, Daniel | |
| 700 | 1 | _aDoffo, Luis | |
| 700 | 1 | _aIngrassia, Ramiro | |
| 700 | 1 | _aMarchese, Alicia G. | |
| 773 | 0 |
_tContabilidad y auditoría _g- Año 15, Nº 29 (jun. 2009) _wREV1723 |
|
| 999 |
_c16917 _d16917 |
||